000 01045nam a2200241Ia 4500
003 GCL
008 140319s9999 xx 000 0 ara d
020 _a1101829953
040 _aGCL /
_cGCL
082 0 4 _a305.8908
_bخ ج
100 1 _aعبدالواحد اكمير
245 1 0 _aالجاليات العربية فى امريكا اللاتينية :
_bدراسة حالات - المكسيك - التشيلى - البرازيل - البيرو - الباراجواى - الارجنتين /
_cعبدالواحد اكمير
700 1 _aمورينو، خوسى البيرتو
700 1 _aكحاط، فريد
700 1 _aمونتينيجرو، سيلفيا
250 _aالاولى
260 _aبيروت :
_bمركز دراسات الوحدة العربية ،
_c2006
300 _a358 ص ؛
_c24 سم
650 0 4 _aالجاليات الاجنبية - امريكا الجنوبية
650 0 4 _aالعرب فى امريكا الجنوبية
650 0 4 _aالاقليات - امريكا الجنوبية
942 _2ddc
_cBK
999 _c9052
_d9052